Statistics for Clueless #6

Click here to take the quiz!

General Stats

  • This quiz has been taken 191 times
    (5 since last reset)
  • The average score is 35 of 100

Answer Stats

Word % Correct
       I       
100%
     Your      
80%
      We      
80%
      am      
80%
      are      
80%
      is      
80%
     were      
80%
      the      
80%
      Our      
80%
      us.      
80%
      us;      
80%
      we      
80%
      our      
80%
      And      
80%
  ourselves,  
80%
     you.      
80%
      You      
80%
       a       
80%
      you      
80%
      and      
80%
      not      
60%
    people    
60%
      to      
60%
      it      
60%
      It      
60%
   everyone.   
60%
     make      
60%
      in      
60%
      so      
60%
     that      
60%
      be?      
60%
      be:      
60%
    within    
60%
      of      
40%
    others    
40%
     some      
40%
      let      
40%
     There     
40%
     will      
40%
    others.    
40%
     other     
40%
     just      
40%
      as      
40%
      do.      
40%
      do      
40%
     about     
40%
     does      
40%
      all      
40%
     feel      
40%
      As      
40%
    shine,    
20%
   presence    
20%
     small     
20%
     God.      
20%
    playing    
20%
  permission  
20%
      own      
20%
   darkness    
20%
      ask      
20%
     same.     
20%
     most      
20%
     from      
20%
     meant     
20%
   Marianne    
20%
      who      
20%
      God      
20%
    light,    
20%
     light     
20%
  Williamson  
20%
     "Who      
20%
     give      
20%
     glory     
20%
     born      
0%
 automatically 
0%
    world.    
0%
  inadequate.  
0%
   insecure    
0%
 unconsciously 
0%
   Actually,   
0%
    around    
0%
    beyond    
0%
   gorgeous,   
0%
  brilliant,  
0%
  enlightened  
0%
   frightens   
0%
     fear,     
0%
     fear      
0%
  fabulous?"  
0%
   liberated   
0%
   liberates   
0%
   manifest    
0%
     child     
0%
   measure.    
0%
    nothing    
0%
    deepest    
0%
     serve     
0%
   shrinking   
0%
   children    
0%
   talented,   
0%
   powerful    
0%

Score Distribution

Percentile by Number Answered

Percent of People with Each Score

Your Score History

You have not taken this quiz since the last reset